| 000 | 00781nam a2200205Ia 4500 | ||
|---|---|---|---|
| 001 | 2577 | ||
| 003 | GE_BSU | ||
| 008 | 181216s||||||||xx |||||||||||||| ||und|| | ||
| 020 | _a9992876123 | ||
| 040 | _cGE_BSU | ||
| 080 | _a616.092(075.8) | ||
| 100 | _aყიფიანი, ვახტანგ | ||
| 245 | _aზოგადი პათოფიზიოლოგია პათოლოგიურ ფიზიოლოგიაში სახელმძღვანელოს I ნაწილი. | ||
| 260 | _aთბილისი | ||
| 260 | _c2008 | ||
| 300 | _a310 გვ. | ||
| 541 | _h15 ლ. | ||
| 653 | _aზოგადი პათოფიზიოლოგია პათოლოგიურ ფიზზიოლოგიაიშ | ||
| 942 | _cBK | ||
| 999 |
_c36655 _d36655 |
||